'F' Game Quiz Stats

 Plays Quiz Updated Mar 1, 2021

Support Sporcle.
Go Orange.
Score 0/35 Timer 08:00
2 Plays Today
Thing % Correct
France
87.8%
Florida
84.1%
Francis
77.7%
Finland
74.3%
Flute
67.7%
Friends
65.3%
Gerald Ford
53.6%
Fifth
50.9%
Fencing
50.6%
Fourth
50.6%
Fifteenth
50.1%
Fourteenth
50%
Fiji
48.9%
First
48.8%
Atlanta Falcons
47.1%
Frankfort, Kentucky
40.9%
Frasier
40.9%
Fluorine
40.2%
Thing % Correct
Millard Fillmore
35.4%
Francium
33.9%
Football
29.9%
Fulham
28.8%
Washington Football Team
25.8%
Fleabag
20.4%
Forrest Gump
19.4%
Freetown, Sierra Leone
15.2%
Flerovium
15.2%
Fermium
14%
Felix
13.4%
Funafuti, Tuvalu
12.9%
From Here to Eternity
11.5%
(The) French Connection
8.8%
Fabian
8.6%
Fornax
6.6%
Formosus
6.2%

From the Vault

Group Clicking: World

by Barbecue

Geography 90s
This will be one of the fastest imaginable trips around the globe.
Remove Ads.
Support Sporcle.
Get the best of Sporcle when you Go Orange. This ad-free experience offers more features, more stats, and more fun while also helping to support Sporcle. Thank you for becoming a member.

Show Comments

Extras

Top Quizzes Today


Score Distribution

Your Account Isn't Verified!

In order to create a playlist on Sporcle, you need to verify the email address you used during registration. Go to your Sporcle Settings to finish the process.

Report this User

Report this user for behavior that violates our Community Guidelines.

Details: